[Event "Skopje, hotel "]
[Site "Skopje, hotel "]
[Date "2014.04.02"]
[Round "6.22"]
[White "Dastan, Batuhan Muhammed"]
[Black "Grigoriants, Sergey"]
[Result "1/2-1/2"]
[WhiteElo "2416"]
[BlackElo "2574"]
[PlyCount "40"]
[EventDate "2014.03.29"]
[EventType "swiss"]
[EventRounds "9"]

1. e4 e5 2. Nf3 Nc6 3. Bc4 Bc5 4. c3 Nf6 5. d3 d6 6. Bb3 a6 7. Nbd2 O-O 8. O-O
h6 9. h3 Be6 10. Bc2 Re8 11. Re1 d5 12. b4 Bf8 13. a3 g6 14. Bb2 Bg7 15. exd5
Nxd5 16. Ne4 b6 17. Ba4 Bd7 18. Qc2 Nf4 19. Rad1 Qc8 20. Bc1 a5 1/2-1/2

[Event "Skopje, hotel "]
[Site "Skopje, hotel "]
[Date "2014.04.02"]
[Round "6.23"]
[White "Kuljasevic, Davorin"]
[Black "Valsecchi, Alessio"]
[Result "1-0"]
[WhiteElo "2567"]
[BlackElo "2407"]
[PlyCount "77"]
[EventDate "2014.03.29"]
[EventType "swiss"]
[EventRounds "9"]

1. c4 e5 2. Nc3 Nf6 3. Nf3 Nc6 4. g3 Bc5 5. Bg2 d6 6. O-O O-O 7. d3 h6 8. a3 a6
9. b4 Ba7 10. h3 Be6 11. e3 Qd7 12. Kh2 Ne7 13. a4 Ng6 14. Nd2 c6 15. Nce4 Ne8
16. c5 d5 17. Nc3 a5 18. Ba3 axb4 19. Bxb4 f5 20. Ne2 Bb8 21. e4 Nf6 22. Nc3
Rf7 23. a5 Bc7 24. Na4 Raf8 25. Nb6 Qd8 26. a6 bxa6 27. Rxa6 f4 28. Ra8 Bb8 29.
Qa4 dxe4 30. Qxc6 f3 31. Qxe6 fxg2 32. Kxg2 Kh7 33. c6 Nh5 34. Nd5 Qg5 35. Qg4
Ba7 36. Rxf8 Nxf8 37. Qxg5 hxg5 38. Nxe4 Ne6 39. Rc1 1-0

[Event "Skopje, hotel "]
[Site "Skopje, hotel "]
[Date "2014.04.02"]
[Round "6.24"]
[White "Stanojoski, Zvonko"]
[Black "Salem, Aylem"]
[Result "0-1"]
[WhiteElo "2415"]
[BlackElo "2558"]
[PlyCount "60"]
[EventDate "2014.03.29"]
[EventType "swiss"]
[EventRounds "9"]

1. c4 e5 2. g3 Nf6 3. Bg2 d5 4. cxd5 Nxd5 5. Nc3 Nb6 6. Nf3 Nc6 7. O-O Be7 8.
d3 g5 9. a4 g4 10. Ne1 a5 11. Bh6 Rg8 12. Nc2 Nd4 13. Nxd4 exd4 14. Nb1 Nd5 15.
Na3 Ra6 16. Bd2 Nb4 17. Nc4 h5 18. Qb3 c5 19. Rae1 Re6 20. Bxb4 cxb4 21. e3 Bc5
22. Be4 Rg5 23. Qc2 h4 24. exd4 Bxd4 25. Ne3 Kf8 26. Rc1 Bd7 27. b3 Bc6 28. Nf5
Rxf5 29. Bxf5 hxg3 30. hxg3 Qd6 0-1

[Event "Skopje, hotel "]
[Site "Skopje, hotel "]
[Date "2014.04.02"]
[Round "6.25"]
[White "Djukic, Nikola"]
[Black "Kojovic, Dragan"]
[Result "1/2-1/2"]
[WhiteElo "2551"]
[BlackElo "2387"]
[PlyCount "160"]
[EventDate "2014.03.29"]
[EventType "swiss"]
[EventRounds "9"]

1. e4 c6 2. d4 d5 3. Nc3 dxe4 4. Nxe4 Bf5 5. Ng3 Bg6 6. N1e2 e6 7. Nf4 Bd6 8.
c3 Qc7 9. Qf3 Nd7 10. Nxg6 hxg6 11. Ne4 Ngf6 12. Nxd6+ Qxd6 13. Bf4 Qd5 14.
Qxd5 Nxd5 15. Bd2 O-O-O 16. O-O-O N7f6 17. f3 Nh5 18. Rg1 Nhf6 19. h3 Rd7 20.
g4 Nc7 21. Bg2 Nb5 22. Rge1 Nd6 23. b3 Nb5 24. a4 Nc7 25. Kc2 Nfd5 26. c4 Nf6
27. Bc3 Rhd8 28. h4 Rh8 29. Rh1 Rh7 30. Bf1 Rd8 31. Bd3 Rhh8 32. Rh2 Rd7 33.
Rdh1 Rhd8 34. Be2 Rh8 35. h5 gxh5 36. gxh5 Rh6 37. Bd2 Rh7 38. Be3 Rh8 39. h6
gxh6 40. Rxh6 Rxh6 41. Rxh6 Nfe8 42. Bd3 a6 43. Rh8 Rd8 44. Kc3 Nd6 45. Rh7 Rd7
46. Bf4 Nde8 47. Rh8 Rd8 48. Rf8 f5 49. Be5 a5 50. b4 axb4+ 51. Kxb4 Na6+ 52.
Ka5 Nec7 53. Rf7 Rd7 54. Rf6 Rd8 55. Kb6 Nb8 56. Bxc7 Nd7+ 57. Ka7 Kxc7 58.
Rxe6 Nc5 59. dxc5 Rxd3 60. Re7+ Kc8 61. Rxb7 Rxf3 62. a5 Ra3 63. a6 f4 64. Rf7
f3 65. Kb6 Rb3+ 66. Kxc6 Kb8 67. Kd5 Rd3+ 68. Ke4 Rc3 69. Rxf3 Rxc4+ 70. Kd5
Ra4 71. Rf6 Ra1 72. Rc6 Rd1+ 73. Ke6 Rh1 74. Rd6 Kc7 75. a7 Re1+ 76. Kd5 Rd1+
77. Ke4 Re1+ 78. Kd3 Rd1+ 79. Kc3 Ra1 80. Rh6 Rxa7 1/2-1/2

[Event "Skopje, hotel "]
[Site "Skopje, hotel "]
[Date "2014.04.02"]
[Round "6.26"]
[White "Nakhbayeva, Guliskhan"]
[Black "Savic, Miodrag R"]
[Result "1-0"]
[WhiteElo "2293"]
[BlackElo "2536"]
[PlyCount "78"]
[EventDate "2014.03.29"]
[EventType "swiss"]
[EventRounds "9"]

1. d4 Nf6 2. c4 e6 3. Nc3 Bb4 4. e3 O-O 5. Bd3 d5 6. Nf3 b6 7. O-O dxc4 8. Bxc4
Bb7 9. Qe2 Nbd7 10. a3 Bxc3 11. bxc3 c5 12. Bb2 Qc7 13. Bd3 Be4 14. c4 Qb7 15.
Rfd1 Rac8 16. Bxe4 Qxe4 17. d5 exd5 18. cxd5 h6 19. d6 Rfd8 20. Qa6 Ne8 21. a4
Qc6 22. Qd3 Nf8 23. Be5 Qd7 24. Bg3 c4 25. Qc3 Qe6 26. Qb4 c3 27. Rac1 Rc4 28.
Qa3 c2 29. Rd2 Qe4 30. Rd4 Rxd4 31. Nxd4 Qg6 32. Nc6 Qh5 33. Qd3 Rd7 34. Rxc2
Ng6 35. Nb8 Rd8 36. d7 Ne5 37. Bxe5 Qxe5 38. Rc8 Qe7 39. Rxd8 Qxd8 1-0

[Event "Skopje, hotel "]
[Site "Skopje, hotel "]
[Date "2014.04.02"]
[Round "6.27"]
[White "Baron, Tal"]
[Black "Posedaru, Bogdan Stefan"]
[Result "1/2-1/2"]
[WhiteElo "2513"]
[BlackElo "2381"]
[PlyCount "31"]
[EventDate "2014.03.29"]
[EventType "swiss"]
[EventRounds "9"]

1. d4 f5 2. Bg5 g6 3. Nc3 Bg7 4. h4 d5 5. e3 c6 6. Bd3 Nh6 7. Nf3 Nf7 8. Bf4
Nd7 9. Qd2 e5 10. dxe5 Ndxe5 11. O-O-O Nxf3 12. gxf3 Qa5 13. Kb1 Bxc3 14. Qxc3
Qxc3 15. bxc3 Be6 16. Rdg1 1/2-1/2

[Event "Skopje, hotel "]
[Site "Skopje, hotel "]
[Date "2014.04.02"]
[Round "6.29"]
[White "Pancevski, Filip"]
[Black "Oltian, Vata"]
[Result "0-1"]
[WhiteElo "2466"]
[BlackElo "2022"]
[PlyCount "66"]
[EventDate "2014.03.29"]
[EventType "swiss"]
[EventRounds "9"]

1. e4 e5 2. Bc4 Nc6 3. Nf3 Be7 4. d4 exd4 5. O-O d6 6. Nxd4 Nf6 7. Nc3 O-O 8.
h3 Nxd4 9. Qxd4 Be6 10. Bxe6 fxe6 11. e5 Nd7 12. exd6 cxd6 13. Be3 d5 14. Rae1
Bc5 15. Qg4 Re8 16. Bxc5 Nxc5 17. b4 Qf6 18. Nb5 Na6 19. c4 Rad8 20. c5 d4 21.
a3 Rd5 22. Qe4 h6 23. Qd3 Re7 24. Nxa7 Nc7 25. Nc8 Re8 26. Nd6 Rf8 27. Re4 e5
28. f3 Ne6 29. Nb5 Qf7 30. Qc4 Nc7 31. Nd6 Qe6 32. Nxb7 Rb8 33. Nd6 Rxd6 0-1

[Event "Skopje, hotel "]
[Site "Skopje, hotel "]
[Date "2014.04.02"]
[Round "6.30"]
[White "Ali Marandi, Cemil Can"]
[Black "Donchenko, Alexander"]
[Result "1/2-1/2"]
[WhiteElo "2380"]
[BlackElo "2463"]
[PlyCount "74"]
[EventDate "2014.03.29"]
[EventType "swiss"]
[EventRounds "9"]

1. e4 c6 2. d4 d5 3. e5 Bf5 4. Nf3 e6 5. Be2 Ne7 6. O-O Nd7 7. Nbd2 Nc8 8. Nb3
Be7 9. Be3 O-O 10. Bd3 Bxd3 11. Qxd3 Ncb6 12. Rad1 h6 13. c3 Qc7 14. Bf4 Nc4
15. Qe2 b5 16. Rd3 Qd8 17. Ne1 f5 18. exf6 Rxf6 19. Bg3 Nd6 20. Nf3 Ne4 21.
Nbd2 Nxg3 22. hxg3 Bd6 23. Re3 Qe7 24. Re1 Re8 25. b4 Qd8 26. Nb3 Nb6 27. Na5
Qc7 28. Nh2 Kh8 29. Qh5 Qd7 30. g4 Kh7 31. Nf3 Kg8 32. Ne5 Bxe5 33. Rxe5 Nc4
34. Nxc4 bxc4 35. g5 Qf7 36. g4 hxg5 37. Qxf7+ Kxf7 1/2-1/2

[Event "Skopje, hotel "]
[Site "Skopje, hotel "]
[Date "2014.04.02"]
[Round "6.31"]
[White "Can, Emre"]
[Black "Ozturk, Kubra"]
[Result "1/2-1/2"]
[WhiteElo "2524"]
[BlackElo "2288"]
[PlyCount "81"]
[EventDate "2014.03.29"]
[EventType "swiss"]
[EventRounds "9"]

1. d4 Nf6 2. c4 e6 3. Nf3 d5 4. Nc3 Bb4 5. cxd5 exd5 6. Bg5 h6 7. Bh4 O-O 8. e3
c5 9. Be2 g5 10. Bg3 Ne4 11. Rc1 c4 12. O-O Bxc3 13. bxc3 Bf5 14. Nd2 Nxg3 15.
fxg3 Qc8 16. e4 Bxe4 17. Nxe4 dxe4 18. Qa4 Kg7 19. Qxc4 Qxc4 20. Bxc4 Nc6 21.
g4 Rad8 22. Kf2 Rfe8 23. Ke3 Re7 24. Rf5 b6 25. Bd5 Ne5 26. c4 Nxg4+ 27. Ke2
Nf6 28. Ke3 b5 29. h3 Rc7 30. Bxe4 bxc4 31. Bf3 Re7+ 32. Re5 Nd5+ 33. Kf2 Rxe5
34. dxe5 Nf4 35. Rxc4 Nd3+ 36. Ke3 Nxe5 37. Rc2 Nxf3 38. Kxf3 a5 39. Rc5 Ra8
40. a4 Ra6 41. Kf2 1/2-1/2

[Event "Skopje, hotel "]
[Site "Skopje, hotel "]
[Date "2014.04.02"]
[Round "6.32"]
[White "Nedev, Trajce"]
[Black "Basso, Pier Luigi"]
[Result "0-1"]
[WhiteElo "2504"]
[BlackElo "2304"]
[PlyCount "118"]
[EventDate "2014.03.29"]
[EventType "swiss"]
[EventRounds "9"]

1. e4 d5 2. exd5 Qxd5 3. Nc3 Qd6 4. d4 Nf6 5. Nf3 c6 6. Ne5 Nbd7 7. Nc4 Qc7 8.
Qf3 Nb6 9. Bf4 Qd7 10. Nxb6 axb6 11. O-O-O e6 12. Be5 Be7 13. Bd3 O-O 14. Qh3
g6 15. Qh6 Ne8 16. h4 Bf6 17. Ne4 Bxe5 18. dxe5 f5 19. exf6 Nxf6 20. Nxf6+ Rxf6
21. h5 Qg7 22. hxg6 hxg6 23. Bc4 Qxh6+ 24. Rxh6 Kg7 25. Rdh1 Rxf2 26. Rh8 Rxg2
27. R1h7+ Kf6 28. a3 b5 29. Bf1 Rg1 30. Kd2 e5 31. Rf8+ Kg5 32. Ke1 b4 33. Re7
bxa3 34. bxa3 Rxa3 35. Rxe5+ Kh6 36. Kf2 Rxf1+ 37. Kxf1 Bf5 38. Rc5 Ra2 39. Rf7
Rb2 40. c3 Kg5 41. Re5 Kg4 42. Re3 c5 43. c4 b6 44. Ra7 Rb4 45. Raa3 Rxc4 46.
Rab3 Rc1+ 47. Re1 Rxe1+ 48. Kxe1 c4 49. Rxb6 c3 50. Rb4+ Kg5 51. Rc4 c2 52. Kf2
Bd3 53. Rc7 Kf4 54. Rc6 Ke4 55. Ke1 Ke3 56. Rc7 g5 57. Re7+ Be4 58. Rc7 g4 59.
Rc8 g3 0-1

[Event "Skopje, hotel "]
[Site "Skopje, hotel "]
[Date "2014.04.02"]
[Round "6.33"]
[White "Franco Alonso, Alejandro"]
[Black "Marjanovic, Dejan"]
[Result "1/2-1/2"]
[WhiteElo "2489"]
[BlackElo "2313"]
[PlyCount "126"]
[EventDate "2014.03.29"]
[EventType "swiss"]
[EventRounds "9"]

1. d4 d5 2. c4 dxc4 3. Nf3 Nf6 4. Qa4+ Nc6 5. e3 Bd7 6. Qxc4 e6 7. b3 b5 8. Qe2
Ne4 9. a3 a6 10. Qc2 Nf6 11. Bb2 Be7 12. Bd3 O-O 13. Nbd2 h6 14. O-O Qb8 15.
Rac1 Rc8 16. Ne4 Nd5 17. Rfd1 Be8 18. Nc5 Nd8 19. Ne5 c6 20. e4 Nf6 21. Qe2 Nb7
22. Ng4 Nxc5 23. dxc5 Nxg4 24. Qxg4 Bf8 25. Bb1 Rd8 26. Bf6 Rxd1+ 27. Rxd1 g6
28. e5 Qa7 29. b4 a5 30. h4 axb4 31. axb4 h5 32. Qd4 Qa3 33. Be4 Qb3 34. g3 Ra7
35. Qd8 Ra8 36. Qxa8 Qxd1+ 37. Kg2 Qd7 38. Qb8 Bh6 39. f4 Bf8 40. Kh3 Bh6 41.
Bf3 Kh7 42. Be4 Kg8 43. Be7 Bf8 44. Bxf8 Kxf8 45. Qd6+ Kg7 46. g4 hxg4+ 47. Kg3
Qxd6 48. cxd6 f5 49. exf6+ Kxf6 50. Kxg4 e5 51. Kf3 exf4 52. Kxf4 Ke6 53. d7
Kxd7 54. Ke5 Ke7 55. Bg2 Bd7 56. Bf3 Be8 57. Be4 Kd7 58. Bc2 Ke7 59. Be4 Kd7
60. Kf6 Kd6 61. Bxg6 Bxg6 62. Kxg6 c5 63. bxc5+ Kxc5 1/2-1/2

[Event "Skopje, hotel "]
[Site "Skopje, hotel "]
[Date "2014.04.02"]
[Round "6.34"]
[White "Ilic, Zoran S"]
[Black "Harika, Dronavalli"]
[Result "0-1"]
[WhiteElo "2297"]
[BlackElo "2487"]
[PlyCount "92"]
[EventDate "2014.03.29"]
[EventType "swiss"]
[EventRounds "9"]

1. d4 Nf6 2. Nf3 g6 3. c4 Bg7 4. g3 O-O 5. Bg2 d6 6. O-O Nbd7 7. Nc3 e5 8. e4
exd4 9. Nxd4 Nc5 10. h3 Re8 11. Re1 Bd7 12. Kh2 h6 13. Rb1 a5 14. b3 h5 15. f3
a4 16. b4 Ne6 17. Nde2 h4 18. g4 g5 19. Be3 Nh7 20. Nd5 Nhf8 21. Qd2 Ng6 22.
Red1 b5 23. c5 Bc6 24. Qc2 Rc8 25. Kh1 Be5 26. cxd6 cxd6 27. Qd2 Bxd5 28. Qxd5
Qf6 29. Qxb5 Ngf4 30. Nxf4 Nxf4 31. Qf1 Rc3 32. Qf2 Rec8 33. Bf1 Ne6 34. Rbc1
Bg3 35. Qe2 Nf4 36. Qd2 Ne6 37. Rxc3 Rxc3 38. Be2 Bf4 39. Bd4 Qxd4 40. Qxd4
Nxd4 41. Rxd4 Rc2 42. Bd1 Rxa2 43. b5 a3 44. b6 Rh2+ 45. Kg1 Rb2 46. Ra4 Rb1
0-1

[Event "Skopje, hotel "]
[Site "Skopje, hotel "]
[Date "2014.04.02"]
[Round "6.35"]
[White "Minko, Vladimir"]
[Black "Firat, Burak"]
[Result "1/2-1/2"]
[WhiteElo "2295"]
[BlackElo "2480"]
[PlyCount "76"]
[EventDate "2014.03.29"]
[EventType "swiss"]
[EventRounds "9"]

1. d4 Nf6 2. c4 e6 3. g3 c5 4. d5 exd5 5. cxd5 b5 6. Bg2 d6 7. Nf3 Bb7 8. e4 g6
9. O-O Bg7 10. a4 b4 11. Re1 O-O 12. Bf4 Nh5 13. Bg5 Qc7 14. Qc1 Nd7 15. Bh6 c4
16. Bxg7 Kxg7 17. Nbd2 Rac8 18. Bf1 c3 19. bxc3 Qxc3 20. Qxc3+ Rxc3 21. Nd4 Ne5
22. Reb1 a5 23. Nb5 Rc2 24. Nb3 Nf3+ 25. Kg2 Nd2 26. Nxd2 Rxd2 27. Nxd6 Ba8 28.
Rd1 Rxd1 29. Rxd1 Rd8 30. Nc4 f5 31. f3 fxe4 32. fxe4 Nf6 33. Kf3 Rf8 34. Ke3
Re8 35. Nd6 Rd8 36. Nc4 Re8 37. Nd6 Rd8 38. Nc4 Re8 1/2-1/2

[Event "Skopje, hotel "]
[Site "Skopje, hotel "]
[Date "2014.04.02"]
[Round "6.36"]
[White "Arnaudov, Petar G"]
[Black "Piasetski, Leon David"]
[Result "1-0"]
[WhiteElo "2459"]
[BlackElo "2293"]
[PlyCount "59"]
[EventDate "2014.03.29"]
[EventType "swiss"]
[EventRounds "9"]

1. d4 e6 2. Nf3 f5 3. Bg5 Be7 4. h4 Nf6 5. Nbd2 Nc6 6. c3 d5 7. e3 a6 8. Qc2
O-O 9. Bd3 Bd7 10. Bxf6 Bxf6 11. g4 g6 12. h5 Bg7 13. hxg6 hxg6 14. gxf5 gxf5
15. O-O-O Kf7 16. Rdg1 Rh8 17. Ng5+ Qxg5 18. Rxg5 Rxh1+ 19. Nf1 Bh8 20. Rg2 Rh7
21. f4 Bf6 22. Qf2 Ne7 23. Kc2 Bb5 24. Bxb5 axb5 25. Nh2 Ng6 26. Nf3 Rh6 27.
Qg3 Bg7 28. Nh4 Nxh4 29. Qxg7+ Ke8 30. Rg3 1-0

[Event "Skopje, hotel "]
[Site "Skopje, hotel "]
[Date "2014.04.02"]
[Round "6.37"]
[White "Dimitrov, Radoslav"]
[Black "Dimic, Pavle"]
[Result "1/2-1/2"]
[WhiteElo "2459"]
[BlackElo "2293"]
[PlyCount "97"]
[EventDate "2014.03.29"]
[EventType "swiss"]
[EventRounds "9"]

1. c4 Nf6 2. Nc3 g6 3. g3 Bg7 4. Bg2 O-O 5. d3 d6 6. e4 c5 7. Nge2 Nc6 8. O-O
Bg4 9. h3 Bxe2 10. Qxe2 Nd4 11. Qd1 Nd7 12. f4 Rb8 13. Be3 b5 14. Rf2 bxc4 15.
dxc4 Qa5 16. Rc1 Nb6 17. b3 Qa6 18. Ne2 e5 19. f5 f6 20. Nc3 Qc8 21. h4 Qd8 22.
g4 a5 23. a4 Nc8 24. Nb5 Qd7 25. Bh3 Ne7 26. Kh2 Kh8 27. Qd3 gxf5 28. gxf5 Nec6
29. Rg1 Rg8 30. Qd1 Ne7 31. Rfg2 Bf8 32. Bg4 Nec6 33. Bh5 Rxg2+ 34. Rxg2 Bg7
35. Bg6 hxg6 36. Rxg6 Ne7 37. Qh5+ Kg8 38. Rxg7+ Kxg7 39. Nxd4 exd4 40. Bh6+
Kh7 41. Bg5+ Kg7 42. Qh6+ Kf7 43. Qh7+ Ke8 44. Qh8+ Kf7 45. Qh5+ Kg7 46. Qh6+
Kf7 47. Qh5+ Kg7 48. Qh6+ Kf7 49. Qh5+ 1/2-1/2

[Event "Skopje, hotel "]
[Site "Skopje, hotel "]
[Date "2014.04.02"]
[Round "6.38"]
[White "Tomazini, Zan"]
[Black "Arsovic, Zoran"]
[Result "1/2-1/2"]
[WhiteElo "2286"]
[BlackElo "2450"]
[PlyCount "56"]
[EventDate "2014.03.29"]
[EventType "swiss"]
[EventRounds "9"]

1. e4 c5 2. c3 e6 3. d4 d5 4. exd5 exd5 5. Nf3 Nc6 6. Bb5 Bd6 7. dxc5 Bxc5 8.
O-O Nf6 9. Bg5 Be6 10. Nbd2 O-O 11. Nb3 Bb6 12. Nfd4 Nxd4 13. Nxd4 h6 14. Bh4
g5 15. Bg3 Ne4 16. Be5 Qe7 17. Qh5 Bg4 18. Qxg4 Qxe5 19. Rad1 Nd6 20. Rfe1 Qf6
21. Bd3 Rae8 22. h4 Kh8 23. hxg5 Qxg5 24. Qxg5 hxg5 25. Nf5 Nxf5 26. Bxf5 Kg7
27. Kf1 Rxe1+ 28. Rxe1 Kf6 1/2-1/2

[Event "Skopje, hotel "]
[Site "Skopje, hotel "]
[Date "2014.04.02"]
[Round "6.39"]
[White "Bogdanovski, Vlatko"]
[Black "Davletbayeva, Madina"]
[Result "0-1"]
[WhiteElo "2447"]
[BlackElo "2284"]
[PlyCount "74"]
[EventDate "2014.03.29"]
[EventType "swiss"]
[EventRounds "9"]

1. d4 Nf6 2. Nf3 e6 3. c4 Bb4+ 4. Bd2 Qe7 5. g3 Bxd2+ 6. Qxd2 Nc6 7. Nc3 d5 8.
Ne5 dxc4 9. Bg2 O-O 10. O-O Nxe5 11. dxe5 Nd7 12. f4 Rb8 13. Rfd1 b5 14. Rac1
Nc5 15. Qe3 Bb7 16. Bxb7 Rxb7 17. Rd2 Rbb8 18. Rcd1 h6 19. Kg2 a6 20. h4 b4 21.
Ne4 Nxe4 22. Qxe4 c3 23. bxc3 bxc3 24. Rc2 Rb2 25. Rdc1 Rxc2 26. Rxc2 Qa3 27.
Qc4 Rb8 28. Rxc3 Qa5 29. Rc2 Rb1 30. Qc3 Qd5+ 31. Kf2 Qh1 32. Ke3 h5 33. Qc6
Qg1+ 34. Ke4 Qg2+ 35. Kd4 Qxg3 36. e3 Rd1+ 37. Kc4 Qxe3 0-1

[Event "Skopje, hotel "]
[Site "Skopje, hotel "]
[Date "2014.04.02"]
[Round "6.40"]
[White "Bojovic, Dusan"]
[Black "Abramovic, Bosko"]
[Result "1/2-1/2"]
[WhiteElo "2284"]
[BlackElo "2437"]
[PlyCount "83"]
[EventDate "2014.03.29"]
[EventType "swiss"]
[EventRounds "9"]

1. e4 c5 2. Nf3 Nc6 3. d4 cxd4 4. Nxd4 e6 5. Nc3 a6 6. Be3 Nf6 7. Be2 Bb4 8.
Nxc6 bxc6 9. O-O d5 10. e5 Nd7 11. Na4 O-O 12. f4 f6 13. exf6 Qxf6 14. c4 Bd6
15. Bg4 Qg6 16. cxd5 exd5 17. Rc1 Nf6 18. Bf3 Ng4 19. Bxg4 Bxg4 20. Qd4 Rac8
21. Nc5 Rfe8 22. Rf2 Bf5 23. Nxa6 Re4 24. Qb6 Rce8 25. Bd2 Re2 26. Qxc6 Rxf2
27. Kxf2 Re2+ 28. Kxe2 Qxg2+ 29. Kd1 Qg1+ 30. Ke2 Qxh2+ 31. Kd1 Qg1+ 32. Ke2
Qg2+ 33. Ke1 Qg3+ 34. Kd1 Qf3+ 35. Ke1 Qh1+ 36. Kf2 Qh4+ 37. Ke2 Qh5+ 38. Kf2
Qh4+ 39. Ke2 Qh2+ 40. Kd1 Qg1+ 41. Ke2 Qg2+ 42. Kd1 1/2-1/2

[Event "Skopje, hotel "]
[Site "Skopje, hotel "]
[Date "2014.04.02"]
[Round "6.41"]
[White "Zupe, Miran"]
[Black "Tosic, Miroslav"]
[Result "0-1"]
[WhiteElo "2278"]
[BlackElo "2426"]
[PlyCount "132"]
[EventDate "2014.03.29"]
[EventType "swiss"]
[EventRounds "9"]

1. e4 c5 2. Nf3 e6 3. d4 cxd4 4. Nxd4 a6 5. Bd3 d6 6. O-O Nd7 7. c4 Nc5 8. Bc2
Nf6 9. Nc3 Qc7 10. f3 Be7 11. Be3 Ncd7 12. Qe2 O-O 13. Rac1 Ne5 14. Bb3 b6 15.
Kh1 Bb7 16. f4 Ned7 17. Bg1 Rfe8 18. Nf3 Rac8 19. Rce1 Nh5 20. Nd2 g6 21. Qf2
Bf6 22. Bd1 Bxc3 23. bxc3 Ng7 24. Qh4 Nc5 25. Re3 h5 26. f5 exf5 27. exf5 Rxe3
28. Bxe3 Qc6 29. Qh3 Qd7 30. Bc2 Re8 31. Qg3 h4 32. Qh3 Re5 33. Kg1 Nxf5 34.
Bxf5 Rxf5 35. Qxh4 Rxf1+ 36. Nxf1 Ne6 37. Bd4 Nxd4 38. Qxd4 Qc6 39. Ne3 Qc5 40.
Kf2 Kf8 41. g4 Qe5 42. Qxe5 dxe5 43. g5 Ke7 44. Ng4 Ke6 45. h4 Be4 46. Ke3 Bf5
47. Nf6 Kd6 48. Kd2 Kc5 49. h5 gxh5 50. Nxh5 Kxc4 51. Nf6 Kc5 52. a3 b5 53. Ne8
a5 54. Kc1 Bd7 55. Nf6 Bc6 56. Kd2 Kd6 57. Ke3 Ke6 58. Ng4 Bd5 59. Nh6 Ba2 60.
Ke4 Bb1+ 61. Ke3 Bg6 62. Kd2 Kd5 63. Ke3 Kc4 64. Kd2 Kb3 65. Ng4 Kxa3 66. Nxe5
Kb3 0-1

[Event "Skopje, hotel "]
[Site "Skopje, hotel "]
[Date "2014.04.02"]
[Round "6.42"]
[White "Kokol, Peter"]
[Black "Kanmazalp, Ogulcan"]
[Result "0-1"]
[WhiteElo "2271"]
[BlackElo "2416"]
[PlyCount "82"]
[EventDate "2014.03.29"]
[EventType "swiss"]
[EventRounds "9"]

1. Nf3 Nf6 2. g3 b5 3. Bg2 Bb7 4. d3 e6 5. e4 d6 6. b3 Be7 7. Bb2 O-O 8. O-O
Nbd7 9. Nbd2 c5 10. Qe2 d5 11. a4 b4 12. exd5 exd5 13. Ne5 Re8 14. Nxd7 Qxd7
15. Rae1 Rad8 16. Qd1 Ba6 17. Nf3 c4 18. Ne5 Qc8 19. Bd4 Bc5 20. Qa1 c3 21.
Bxc5 Qxc5 22. Qc1 Re6 23. Bh3 Re7 24. Qf4 Rde8 25. Nf3 h6 26. Rxe7 Rxe7 27. Re1
Rxe1+ 28. Nxe1 Qe7 29. Kf1 Ne4 30. Nf3 g5 31. Qb8+ Kg7 32. Nd4 Qf6 33. Nf5+ Kh7
34. Qc7 g4 35. Bxg4 h5 36. Be2 Nd2+ 37. Kg2 Qxf5 38. Qxa7 Bc8 39. a5 Be6 40.
Qd4 Qh3+ 41. Kg1 Qf1+ 0-1

[Event "Skopje, hotel "]
[Site "Skopje, hotel "]
[Date "2014.04.02"]
[Round "6.43"]
[White "Papadimitriou, Athanasios"]
[Black "Kohlweyer, Bernd"]
[Result "1/2-1/2"]
[WhiteElo "2261"]
[BlackElo "2416"]
[PlyCount "52"]
[EventDate "2014.03.29"]
[EventType "swiss"]
[EventRounds "9"]

1. Nf3 d5 2. g3 g6 3. c4 dxc4 4. Qa4+ c6 5. Qxc4 Bg7 6. Bg2 e5 7. d3 Be6 8. Qc2
Ne7 9. O-O O-O 10. Nc3 a5 11. Be3 Na6 12. Na4 Nd5 13. Bd2 Ndb4 14. Qb1 b5 15.
Nc3 a4 16. Ng5 Bf5 17. Qc1 Rc8 18. Nge4 Qe7 19. a3 Nd5 20. Bh6 Nxc3 21. Nxc3
Nc5 22. Bxg7 Kxg7 23. Qe3 Rfe8 24. Rad1 Nb3 25. f4 Bd7 26. Qf2 f5 1/2-1/2

[Event "Skopje, hotel "]
[Site "Skopje, hotel "]
[Date "2014.04.02"]
[Round "6.44"]
[White "Roeder, Mathias"]
[Black "Grigoriadis, Alexandros"]
[Result "1-0"]
[WhiteElo "2416"]
[BlackElo "2255"]
[PlyCount "43"]
[EventDate "2014.03.29"]
[EventType "swiss"]
[EventRounds "9"]

1. d4 Nf6 2. Nf3 e6 3. Bf4 c5 4. e3 Nc6 5. c3 Be7 6. h3 O-O 7. Bd3 a6 8. Nbd2
b5 9. e4 b4 10. O-O a5 11. dxc5 bxc3 12. bxc3 Bxc5 13. e5 Nd5 14. Bxh7+ Kh8 15.
Bg5 f6 16. Nh4 Kxh7 17. Qh5+ Kg8 18. exf6 gxf6 19. Bh6 Qe7 20. Ne4 Ba3 21. c4
Nc7 22. Qg6+ 1-0

[Event "Skopje, hotel "]
[Site "Skopje, hotel "]
[Date "2014.04.02"]
[Round "6.45"]
[White "Jovanovic, Bojan P"]
[Black "Karavade, Eesha"]
[Result "1/2-1/2"]
[WhiteElo "2254"]
[BlackElo "2408"]
[PlyCount "60"]
[EventDate "2014.03.29"]
[EventType "swiss"]
[EventRounds "9"]

1. d4 Nf6 2. c4 e6 3. Nf3 b6 4. g3 Bb4+ 5. Bd2 c5 6. Bxb4 cxb4 7. Bg2 Bb7 8.
O-O O-O 9. Nbd2 d6 10. a3 bxa3 11. Rxa3 Qc7 12. Qa1 Nc6 13. Rc1 e5 14. d5 Nb4
15. Ne1 Nd7 16. Nd3 a5 17. Rac3 h6 18. Qa3 Nxd3 19. exd3 Nc5 20. Ne4 Bc8 21. b4
Nxe4 22. dxe4 Bd7 23. Qb2 Rfc8 24. Bf1 axb4 25. Rb3 Ra4 26. Ra1 Rca8 27. Rxa4
Rxa4 28. Rxb4 Rxb4 29. Qxb4 Qc5 30. Qxc5 bxc5 1/2-1/2

[Event "Skopje, hotel "]
[Site "Skopje, hotel "]
[Date "2014.04.02"]
[Round "6.46"]
[White "Petrisor, Adrian Marian"]
[Black "Videnova, Iva"]
[Result "1-0"]
[WhiteElo "2406"]
[BlackElo "2251"]
[PlyCount "59"]
[EventDate "2014.03.29"]
[EventType "swiss"]
[EventRounds "9"]

1. e4 c5 2. c3 d5 3. e5 Bf5 4. Nf3 e6 5. d4 Nd7 6. Be2 h6 7. O-O Ne7 8. dxc5
Nxc5 9. Nd4 Bg6 10. f4 h5 11. Nd2 Bd3 12. N2f3 Bxe2 13. Qxe2 Qd7 14. Be3 Nc6
15. Rad1 Be7 16. c4 O-O 17. cxd5 exd5 18. f5 Rfe8 19. Nxc6 bxc6 20. Qc2 Nb7 21.
Kh1 Bf8 22. Bc1 c5 23. e6 fxe6 24. fxe6 Rxe6 25. Ng5 g6 26. Nxe6 Qxe6 27. Rde1
Qc6 28. Qf2 Bg7 29. Qf7+ Kh8 30. Re7 1-0

[Event "Skopje, hotel "]
[Site "Skopje, hotel "]
[Date "2014.04.02"]
[Round "6.47"]
[White "Petrov, Georgi"]
[Black "Zlatanovic, Boroljub"]
[Result "0-1"]
[WhiteElo "2210"]
[BlackElo "2398"]
[PlyCount "198"]
[EventDate "2014.03.29"]
[EventType "swiss"]
[EventRounds "9"]

1. Nf3 g6 2. c4 Bg7 3. g3 d6 4. d4 Nf6 5. Bg2 O-O 6. O-O Nc6 7. Nc3 e5 8. dxe5
Nxe5 9. Nxe5 dxe5 10. Qxd8 Rxd8 11. Bg5 Rd4 12. b3 c6 13. Rad1 Bf5 14. Be3 Rxd1
15. Rxd1 Bf8 16. Na4 Nd7 17. c5 Be7 18. Be4 Be6 19. Bd3 Rd8 20. f3 f5 21. Bf2
Nf6 22. Bc2 Rxd1+ 23. Bxd1 Nd5 24. a3 e4 25. Bd4 exf3 26. exf3 f4 27. Kf2 Kf7
28. b4 Bf6 29. Bxf6 Kxf6 30. gxf4 Nxf4 31. Nc3 Bf5 32. Bb3 Ke5 33. Ke3 g5 34.
Bg8 h6 35. Bb3 Ng2+ 36. Kf2 Nf4 37. Ke3 Ng6 38. Bf7 Nf8 39. Ne2 Be6 40. Be8 Nh7
41. f4+ Kd5 42. fxg5 hxg5 43. Kd3 Bf5+ 44. Kc3 Nf6 45. Bf7+ Ke5 46. Ng3 Bc8 47.
Kd3 Ng4 48. Nf1 Bf5+ 49. Kc4 Kf4 50. Kd4 Ne5 51. Bh5 g4 52. a4 Be4 53. Ng3 Nf3+
54. Kc3 Nxh2 55. Ne2+ Ke3 56. Ng3 Kf3 57. Kd4 Bc2 58. Bxg4+ Nxg4 59. Nf1 Bxa4
60. Nd2+ Kf4 61. Ne4 Bb5 62. Nd6 Ba6 63. Nc8 Ne3 64. Nxa7 Nc2+ 65. Kc3 Na3 66.
Nc8 Nb5+ 67. Kb3 Ke5 68. Ka4 Ke6 69. Ka5 Kd7 70. Nb6+ Kc7 71. Na8+ Kb8 72. Nb6
Na3 73. Ka4 Nc4 74. Nd7+ Kc7 75. Nf8 Bb5+ 76. Kb3 Ne5 77. Kc3 Kd8 78. Kd4 Nd3
79. Kc3 Ke7 80. Ng6+ Ke6 81. Nf8+ Kd5 82. Nd7 Nf2 83. Nb6+ Ke5 84. Nc8 Ne4+ 85.
Kb3 Kd4 86. Ne7 Nxc5+ 87. bxc5 Kxc5 88. Nf5 Bd3 89. Ne3 Kd4 90. Nd1 c5 91. Nb2
Be2 92. Kc2 b5 93. Kd2 Bg4 94. Nd3 b4 95. Ne1 c4 96. Nc2+ Kc5 97. Ne3 Be6 98.
Nd1 Kd4 99. Kc2 c3 0-1